000 00283nam a22001337a 4500
008 170609b xxu||||| |||| 00| 0 eng d
020 _a0813382459
041 _aeng
080 _a32
100 _a19
101 _aSHP
245 _aA NATION IN DENIAL
_cBAUM, A.S
942 _2udc
_cBK
999 _c16790
_d16790